Hericane- LANY - Statistics

General Stats
  • This quiz has been taken 11 times
  • The average score is 272 of 298
Answer Stats
Hint Answer % Correct
a
100%
all
100%
at
100%
Be
100%
blame
100%
both
100%
but
100%
But
100%
call
100%
Chorus 'Cause
100%
coast
100%
don't
100%
east
100%
from
100%
he
100%
heart
100%
hericane
100%
home's
100%
Bridge | Verse 1 I
100%
If
100%
if
100%
in
100%
it
100%
it's
100%
know
100%
let's
100%
look
100%
mess
100%
on
100%
one
100%
our
100%
realize
100%
so
100%
the
100%
thin
100%
think
100%
this
100%
time
100%
to
100%
tornado
100%
when
100%
wreck
100%
wrong
100%
you
100%
your
100%
You're
100%
you're
100%
disobedience
89%
hurts
89%
left
89%
most
89%
my
89%
of
89%
3
78%
again
78%
always
78%
am
78%
back
78%
been
78%
born
78%
down
78%
even
78%
Even
78%
him
78%
hit
78%
love
78%
maybe
78%
mind
78%
Pacin
78%
sin
78%
still
78%
Stop
78%
storm
78%
through
78%
us
78%
want
78%
will
78%
year
78%
you've
78%
and
67%
are
67%
before
67%
Breakin'
67%
breakin'
67%
California
67%
could
67%
different
67%
here
67%
insecure
67%
No
67%
no
67%
Verse 2 Oklahoma
67%
out
67%
over
67%
Start
67%
wearin'
67%
winds
67%
best
56%
carry
56%
Caught
56%
change
56%
midst
56%
needs
56%
though
56%
wearing
56%
weight
56%
done
44%
I've
44%
No matching quizzes found
Score Distribution
Percent of People with Each Score
Percentile by Number Answered
Your Score History
You have not taken this quiz